Les chansons de Guillaume IX duc d'Aquitaine, 1071-1127
Spremljeno u:
| Glavni autor: | |
|---|---|
| Format: | Knjiga |
| Jezik: | francuski |
| Izdano: |
París
Honoré Champion
1964
|
| Izdanje: | 2a. ed |
| Serija: | Les Classiques Français du Moyen Age
|
| Teme: | |
| Oznake: |
Dodaj oznaku
Bez oznaka, Budi prvi tko označuje ovaj zapis!
|
MARC
| LEADER | 00000nam a2200000 a 4500 | ||
|---|---|---|---|
| 001 | UCO5406 | ||
| 003 | CL-VaPUC | ||
| 008 | 000901e19640000FR |||||||||||||||||fre|d | ||
| 082 | 0 | 4 | |a 841.09 |b JEA |2 21 |
| 100 | |a Jeanroy, Alfred |e author |9 450161 | ||
| 245 | 1 | 4 | |a Les chansons de Guillaume IX duc d'Aquitaine, 1071-1127 |
| 250 | |a 2a. ed | ||
| 300 | |a 47 p | ||
| 942 | |c BK | ||
| 945 | |d 20000901 00:00:00 |a crobeson | ||
| 260 | |a París |b Honoré Champion |c 1964 | ||
| 600 | 0 | 7 | |a GUILLERMO IX |2 CL-VaPUC |9 450160 |
| 650 | 7 | |a POESIA MEDIEVAL FRANCESA |2 CL-VaPUC |9 264946 | |
| 650 | 0 | |a Literatura francesa |9 266330 | |
| 650 | 0 | |a Crítica e interpretación |9 255042 | |
| 583 | |a last modification |c 20000901 00:00:00 |k Rodrigo Vera | ||
| 490 | 0 | |a Les Classiques Français du Moyen Age | |
| 999 | |c 291269 |d 291267 | ||
| 952 | |0 0 |1 0 |4 0 |6 841_090000000000000_JEA_1964 |7 0 |8 A |9 341074 |a BIBART |b BIBART |d 2019-11-20 |i 1219960 |o 841.09 JEA 1964 |p 1219960 |r 2025-03-13 |w 2019-11-20 |y BK |k ART | ||